000 00503nam a2200145Ia 4500
008 211220s9999 xx 000 0 eng d
041 _aEnglish
082 _aRR.0305
100 _aReddeppa, L.
_uCouncil for Social Development
_vHyderabad
245 0 _aEconomics of land distribution to landless in Andhra Pradesh /
_cL. Reddeppa
260 _aNew Delhi :
_bIndian Council oF Social Science Research,
_c2013
300 _axvi, 114p.
536 _aIndian Council of Social Science Research
942 _cRP
999 _c27213
_d27213